| 000 | 01138nam a2200325 a 4500 | ||
|---|---|---|---|
| 001 | 78066 | ||
| 003 | BD-RjUL | ||
| 005 | 20211209083102.0 | ||
| 008 | 030124s1999 le 000 0 ara d | ||
| 020 | _a9953271429 | ||
| 035 | _a(BD-RjUL)78292 | ||
| 040 |
_aMH _cMH _dCStRLIN _dUkOxU _beng |
||
| 041 | _aeng | ||
| 066 | _c(3 | ||
| 082 |
_223 _a892.71 _bHAD 2004 |
||
| 100 | 1 |
_aAbū al-ʿAtāhiyah, Ismāʿīl ibn al-Qāsim, _d747 or 748-826? _9245985 |
|
| 245 | 1 | 0 |
_aديوان أبي العتاهية ;; Diwān Abī al-ʿAtāhīyah / _cAbu Al-Atahiah, Ismail bin Al-Qasim ;; مجيد طراد ; أبو العتاهية، اسماعيل بن القاسم. |
| 250 | _aal-Ṭabʿah 1. | ||
| 260 |
_aBayrūt : _bDar al Kitab al Arabi, _c2004. |
||
| 260 |
_aبيروت : _bدار الكتاب العربي، _c٢٠٠٤ |
||
| 300 |
_a559 p. ; _c25 cm. |
||
| 490 | _aShuʻarāʼunā. | ||
| 650 |
_a Arabic poetry _y750-1258. _9245986 |
||
| 650 |
_aArabic poetry. _9245987 |
||
| 700 |
_a طراد, مجيد _9245988 |
||
| 830 |
_aShuʻarāʼunā. _9245989 |
||
| 942 |
_2ddc _cBK |
||
| 999 |
_c78066 _d78066 |
||